000 01033nam a22002291a 4500
001 19194
003 OSt
005 20260204212442.0
008 190326s2019||||dr ||||||b||||||||||spa||
090 _aEDU-IN 2018 P15
100 1 _aDíaz Plasencia, Gleny
_esustentante
245 1 _aLa tecnología como recurso para el aprendizaje significativo del nivel inicial/Gleny Díaz Plasencia, Esmeralda Germán Mosquea ; asesor Claribel Ramírez Ramírez
260 _aCotuí, República Dominicana :
_bUTECO,
_c2018
300 _axiii, 84 hojas :
_bIlustraciones ;
_c28cm.
502 _aTrabajo de grado (Licenciatura en Educación Inicial)--Universidad Tecnológica del Cibao Oriental, 2018
504 _aIncluye referencia bibliográfica e índice
650 4 _aLa tecnología como recurso para el aprendizaje
700 1 _a Germán Mosquea, Esmeralda
_esustentante
700 1 _a Ramírez Ramírez, Claribel
_easesor
830 _aTesis y disertaciones académicas (Universidad Tecnológica del Cibao Oriental)
942 _2LC
_cTH
999 _c19194
_d19194